[Event "Negambo op 4th"]
[Site "Negambo"]
[Date "2018.08.17"]
[Round "3"]
[White "Pathirana, WP Voji Nimla"]
[Black "Alahakoon, Isuru"]
[Result "0-1"]
[WhiteElo "1238"]
[BlackElo "2138"]
[PlyCount "130"]
[EventDate "2018.08.16"]
[EventType "swiss"]
[EventRounds "10"]
[EventCountry "SRI"]
[SourceTitle "CBM 186 Extra"]
[Source "ChessBase"]
[SourceDate "2018.08.24"]
[SourceVersion "1"]
[SourceVersionDate "2018.08.24"]
[SourceQuality "1"]

1. d4 d5 2. Nf3 Bf5 3. e3 e6 4. Bd3 Bg6 5. 0-0 Nd7 6. c3 Ngf6 7. Qc2 Bd6 8. Nbd2 c5 9. Re1 c4 10. Bxg6 hxg6 11. e4 Nxe4 12. Nxe4 dxe4 13. Qxe4 Qc7 14. h3 Nf6 15. Qe2 Nd5 16. Ne5 Bxe5 17. Qxe5 Qxe5 18. Rxe5 Kd7 19. Bd2 Rac8 20. Rc1 Rc6 21. Kh2 Ra6 22. a3 Rb6 23. Rc2 f6 24. Re1 g5 25. f3 Rb5 26. Bc1 a5 27. Rce2 Rb6 28. g3 Rc6 29. Bd2 b5 30. Kg2 Rb6 31. f4 gxf4 32. Bxf4 g5 33. Bd2 Rd6 34. Re4 Rb8 35. h4 f5 36. R4e2 gxh4 37. gxh4 Rg8+ 38. Kh3 Nf6 39. Bg5 Ne4 40. Bf4 Ra6 41. Rg2 Raa8 42. Rxg8 Rxg8 43. Re2 Nf6 44. Rg2 Rxg2 45. Kxg2 Nd5 46. Kf3 b4 47. axb4 axb4 48. cxb4 Nxb4 49. Bd2 Nd5 50. Kg3 Ke7 51. h5 Kf7 52. Bf4 Kf6 53. Kf3 Nb4 54. Ke2 Nd3 55. Be5+ Kg5 56. b3 Nxe5 57. dxe5 cxb3 58. Kd2 f4 59. Kc3 f3 60. Kxb3 f2 61. h6 Kxh6 62. Kc3 f1Q 63. Kd4 Kg5 64. Kc5 Kf5 65. Kd6 Qa6+ 0-1